Brooklyn Dodgers 1955 Roster - Statistics

General Stats
  • This quiz has been taken 6 times
  • The average score is 13 of 33
Answer Stats
Position Jersey Number Player % Correct
Infielder 42 Jackie Robinson
100%
Infielder 1 Pee Wee Reese
100%
Outfielder 6 Carl Furillo
83%
Pitcher 36 Don Newcombe
83%
Outfielder 4 Duke Snider
83%
Infielder 14 Gil Hodges
83%
Catcher 39 Roy Campanella
83%
Manager 24 Walter Alston
83%
Pitcher 17 Carl Erskine
67%
Pitcher 45 Johnny Podres
67%
Pitcher 32 Sandy Koufax
67%
Infielder 19 Jim Gilliam
50%
Pinch Hitter 51 Bert Hamric
33%
Infielder 23 Don Zimmer
33%
Pitcher 49 Joe Black
33%
Catcher 10 Rube Walker
33%
Outfielder 15 Sandy Amoros
33%
Pitcher 30 Billy Loes
17%
Pitcher 28 Chuck Templeton
17%
Pitcher 41 Clem Labine
17%
Catcher 54 Dixie Howell
17%
Pitcher 46 Don Bessent
17%
Infielder 43 Don Hoak
17%
Pitcher 37 Ed Roebuck
17%
Infielder 12 Frank Kellert
17%
Outfielder 8 George Shuba
17%
Pitcher 40 Roger Craig
17%
Pitcher 34 Russ Meyer
17%
Pitcher 27 Tommy Lasorda
17%
Outfielder 49 Walt Moryn
17%
Outfielder 27 Bob Borkowski
0%
Pitcher 18 Jim Hughes
0%
Pitcher 48 Karl Spooner
0%
No matching quizzes found
Score Distribution
Percent of People with Each Score
Percentile by Number Answered
Your Score History
You have not taken this quiz